000 01468nam a2200313 c 4500
003 BLK
005 20180422102301.0
008 180408b bul|||||r ||||||| ||bul||
010 _aKNG00063824000
040 _aBLK
041 _aBUL
_cBUL
080 _aМашини и устройства за обработка на данни. Вж и 003 ; 007 ; 621.391 ; 65.011.56
_b681.3
_x-523.8(038)=20=30=40=82=867
_z681.3-523.8(038)=20=30=40=82=867
080 _aРазлични категории думи
_b81`373.4
_x=20=30=40=82=867:681.3.523.8
_z81`373.4=20=30=40=82=867:681.3.523.8
100 1 _aБюргер, Ерих
_eпърви автор
_9288682
700 1 _aПавлов, Илко П.
_eсъавт.
_9369811
700 1 _aДимитров, Борислав З.
_eсъавт.
_9289189
700 1 _aПъдарев, Никола Н.
_eнауч. ред.
_9113547
139 _aБюргер, Ерих и др.
_bБ 98 Е
245 1 0 _aПодготовка на данни
_bПрограмиране : Англ.-нем.-фр.-рус.-бълг. техн. речник
_cЕрих Бюргер; съавт. Илко П. Павлов; съавт. Борислав З. Димитров; науч. ред. Никола Н. Пъдарев.
257 _aBGR
260 София
_bТехника
_c1978
300 _a478 с.
_c25 см
380 _a62
852 _aЦб 94164
856 4 _qpdf
_u
856 4 _qpdf
_u
942 _cKNG
_n0
944 _aCR
_c13.06.2004
_kЧиталня
944 _aED
_c13.06.2004
_k
999 _c59709
_d59709